Understanding the political world : (Record no. 22893)
[ view plain ]
| 000 -LEADER | |
|---|---|
| fixed length control field | 02073cam a22003255a 4500 |
| 001 - CONTROL NUMBER | |
| control field | 16031428 |
| 005 - DATE AND TIME OF LATEST TRANSACTION | |
| control field | 20201128023943.0 |
| 008 - FIXED-LENGTH DATA ELEMENTS--GENERAL INFORMATION | |
| fixed length control field | 091222s2011 mauab frbd 001 0 eng d |
| 010 ## - LIBRARY OF CONGRESS CONTROL NUMBER | |
| LC control number | 2009051746 |
| 020 ## - INTERNATIONAL STANDARD BOOK NUMBER | |
| International Standard Book Number | 0205798543 |
| 020 ## - INTERNATIONAL STANDARD BOOK NUMBER | |
| International Standard Book Number | 9780205798544 |
| 040 ## - CATALOGING SOURCE | |
| Original cataloging agency | DLC |
| Language of cataloging | eng |
| Transcribing agency | DLC |
| Modifying agency | DLC |
| -- | EG-ScBUE |
| 082 04 - DEWEY DECIMAL CLASSIFICATION NUMBER | |
| Edition number | 22 |
| Classification number | 320 |
| Item number | DAN |
| 100 1# - MAIN ENTRY--PERSONAL NAME | |
| Personal name | Danziger, James N. |
| 9 (RLIN) | 41632 |
| 245 10 - TITLE STATEMENT | |
| Title | Understanding the political world : |
| Remainder of title | a comparative introduction to political science / |
| Statement of responsibility, etc | James N. Danziger. |
| 250 ## - EDITION STATEMENT | |
| Edition statement | 10th ed., international ed. |
| 260 ## - PUBLICATION, DISTRIBUTION, ETC. (IMPRINT) | |
| Place of publication, distribution, etc | Boston, Massachusetts : |
| Name of publisher, distributor, etc | Longman / Pearson Education Inc., |
| Date of publication, distribution, etc | c.2011. |
| 300 ## - PHYSICAL DESCRIPTION | |
| Extent | xxii, 504 p. : |
| Other physical details | ill., maps ; |
| Dimensions | 23 cm. |
| 500 ## - GENERAL NOTE | |
| General note | Index : p. 499-504. |
| 500 ## - GENERAL NOTE | |
| General note | Glossary : p. 479-486. |
| 504 ## - BIBLIOGRAPHY, ETC. NOTE | |
| Bibliography, etc | Bibliography : p. 487-497. |
| 505 ## - FORMATTED CONTENTS NOTE | |
| Formatted contents note | pt. 1. ON KNOWING THE POLITICAL WORLD: Chapter 1. Politics and Knowledge --pt. 2. POLITICAL BEHAVIOR: Chapter 2. Political Theory and Political Beliefs -- Chapter 3. Political Actions -- Chapter 4. Influences on Beliefs and Actions -- pt. 3. POLITICAL SYSTEMS: Chapter 5. States and Nations -- Chapter 6. Political Institutions I: Structures -- Chapter 7. Political Institutions II: Institutional Arrangements -- Chapter 8. Political Economy -- pt. 4. POLITICAL PROCESSES: Chapter 9. Public Policy, Power, and Decision -- Chapter 10. Change and Political Development -- Chapter 11. Politics Across Borders -- Chapter 12. Political Violence -- pt. 5. POLITICS AMONG STATES: Chapter 13. The Developed Countries -- Chapter 14. The Developing Countries -- Chapter 15. The Transitional Developed Countries. |
| 520 ## - SUMMARY, ETC. | |
| Summary, etc | Both students and instructors praise this introduction to political science, which offers a personal writing style and a comparative perspective that illuminates how politics works at the individual, group, national, and global levels. |
| 590 ## - LOCAL NOTE (RLIN) | |
| Local note | Wessam |
| 650 #7 - SUBJECT ADDED ENTRY--TOPICAL TERM | |
| Topical term or geographic name as entry element | Political science. |
| Source of heading or term | BUEsh |
| 9 (RLIN) | 1313 |
| 650 #7 - SUBJECT ADDED ENTRY--TOPICAL TERM | |
| Topical term or geographic name as entry element | Comparative government. |
| Source of heading or term | BUEsh |
| 9 (RLIN) | 6707 |
| 651 ## - SUBJECT ADDED ENTRY--GEOGRAPHIC NAME | |
| Source of heading or term | BUEsh |
| 653 ## - INDEX TERM--UNCONTROLLED | |
| Resource For college | BAEPS, Political Science |
| Arrived date list | October2016 |
| 942 ## - ADDED ENTRY ELEMENTS (KOHA) | |
| Source of classification or shelving scheme | Dewey Decimal Classification |
| Edition | 22 |
| Call number prefix | 320 DAN |
| Withdrawn status | Item status | Source of classification or shelving scheme | Damaged status | Not for loan | Vendor | Home library | Current library | Shelving location | Date acquired | Source of acquisition | Cost, normal purchase price | Serial Enumeration / chronology | Total Checkouts | Total Renewals | Full call number | Barcode | Date last seen | Date last borrowed | Cost, replacement price | Koha item type |
|---|---|---|---|---|---|---|---|---|---|---|---|---|---|---|---|---|---|---|---|---|
| Dewey Decimal Classification | Baccah | Central Library | Central Library | First floor | 30/10/2016 | Purchase | 304.00 | 3634 | 2 | 2 | 320 DAN | 000034238 | 15/07/2025 | 03/09/2018 | 380.00 | Book - Borrowing |